Statistics for Non-Bordering Countries Closest to Russia A-Z

Click here to take the quiz!

General Stats

  • This quiz has been taken 152 times
    (116 since last reset)
  • The average score is 20 of 24

Answer Stats

Country % Correct
JJapan
91%
DDenmark
91%
QQatar
91%
AArmenia
89%
OOman
89%
YYemen
88%
SSweden
88%
ZZambia
88%
HHungary
88%
GGermany
87%
FFrance
86%
TTurkey
86%
UUnited States
86%
KKyrgyzstan
85%
BBulgaria
84%
PPakistan
83%
RRomania
83%
IIran
82%
VVatican City
79%
MMoldova
75%
CCzech Republic
69%
EEgypt
65%
LLebanon
61%
NNetherlands
61%

Score Distribution

Percentile by Number Answered

Percent of People with Each Score

Your Score History

You have not taken this quiz since the last reset